01585nam a2200409 a 4500001001000000003000900010005001700019007000300036008004100039040003100080082002900111100003100140100003700171100002900208100003100237245008700268264005400355300003300409336002700442337003300469338002800502563006500530586009000595586008800685590002600773650002200799650002700821650002000848650002500868700003100893740001800924740002400942910004000966942001201006952014001018999001701158000015038DO-SdBPM20251209124707.0ta100129s2001 dr r 000 d spa d aDO-SdBPMbspacBPMSU drda 4aRD862.44bV635s 20012221 aVicioso, Sherezada,d1948-z aChiqui Vicioso, Sherezadad1948-z aVicioso, Chiqui, d1948-z aVicioso, Cherezada,d1948-10aSalomé U. : cartas a una ausencia ;bWish-ky Sour /cSherezada Vicioso (Chiqui). aSanto Domingo :bLibrería La Trinitaria,c2001. a52 , 45 páginas ;c22 cm. atextobtxt2rdacontent asin mediaciónbn2rdamedia avolumenbnc2rdacarrier aDos obras encuadernadas juntas, con paginación invertida. aSalomé U. : cartas a una ausencia. Premio Casandra a la mejor producción teatral. aTrago Amargo (Wish-ky sour). Premio anual de teatro Cristóbal de Llerena 1996-97. aInventariado, 2025/VM 0aTeatro dominicano 0aLiteratura dominicana.z aDominican dramaz aDominican literature1 aVicioso, Sherezada,d1948-02aWhis-ky Sour.02aY no todo era amor. aVMateo V. Control de calidad.BPMSU  2ddccBK 00102ddc708CDaBPMETbBPMETd2025-12-09eJosé Polanco l0oBPMSU CD RD862.44 V635s 2001pBPMSU25120058r2025-12-09w2025-12-09yBK c15573d15573